000 00294nam a2200109 a 4500
008 101210s2005|||| d
245 1 0 _aTechnical Guidelines for Digital Cultural Content Creation Programmes
260 _bLa Tipografia
_aRome
_c2005
020 _c10
041 _aeng
044 _aEN
999 _c15083
_d15083